000 00541nam a2200181 a 4500
001 1006
003 CO-ViMGA
008 141112s2004 ck r 000 u spa d
040 _aCO-ViMGA
_bspa
_cCO-ViMGA
082 0 4 _aCo861.44 C673
100 1 _aCote Baraibar, Ramón
_949017
245 1 0 _aEl confuso trazado de las fundaciones
260 _aBogotá :
_bAncora,
_c1991
300 _a698 p
590 _aForma de adquisición : canje - biblioteca Luis Ángel Arango - - Ejemplares : 2
650 1 4 _aPOESIA COLOMBIANA
_91069
942 _2ddc
_cBK
999 _c13230
_d13230